[Event "Kirov-ch"]
[Site "Kirov"]
[Date "2014.04.07"]
[Round "6"]
[White "Tsarukian, Elis"]
[Black "Kharitonov, Alexei"]
[Result "1-0"]
[WhiteElo "2167"]
[BlackElo "2303"]
[PlyCount "121"]
[EventDate "2014.04.02"]
[EventType "swiss"]
[EventRounds "9"]
[EventCountry "RUS"]
[SourceTitle "EXT 2016"]
[Source "ChessBase"]
[SourceDate "2015.10.08"]
[SourceVersion "1"]
[SourceVersionDate "2015.10.08"]
[SourceQuality "1"]

1. d4 Nf6 2. c4 g6 3. Nf3 Bg7 4. Nc3 d5 5. cxd5 Nxd5 6. e3 0-0 7. Bc4 Nxc3 8. bxc3 c5 9. 0-0 Qc7 10. Qe2 Bg4 11. Ba3 Bxf3 12. Qxf3 cxd4 13. Bd5 dxc3 14. Bxb7 Nd7 15. Bxa8 Ne5 16. Qe4 Nc4 17. Qxe7 Qxe7 18. Bxe7 Rxa8 19. Rac1 Nb2 20. Rc2 Rc8 21. Rb1 Rc4 22. Kf1 f5 23. Ke2 Kf7 24. Ba3 Ra4 25. Bc5 Rxa2 26. Bd4 Bxd4 27. exd4 Ra3 28. Rbc1 Na4 29. d5 Rb3 30. Ra1 Rb4 31. Rca2 Nb2 32. Rxa7+ Kf6 33. Rc7 Re4+ 34. Kf3 Nc4 35. g3 Ke5 36. Rc1 Kd4 37. d6 Kd3 38. Kg2 Kd2 39. d7 Rd4 40. Rxc4 Rxc4 41. Rxc3 Rd4 42. Rc7 g5 43. Rc5 Rxd7 44. Rxf5 g4 45. Rg5 Rd4 46. Re5 Rd7 47. h3 gxh3+ 48. Kxh3 Kd3 49. f4 Kd4 50. Kh4 Ra7 51. Re1 Rf7 52. Kg4 Kd5 53. f5 h5+ 54. Kf4 Rg7 55. Rd1+ Kc6 56. Rd3 Rg4+ 57. Ke5 h4 58. gxh4 Rxh4 59. f6 Rh1 60. f7 Rf1 61. Rd6+ 1-0

[Event "Kirov-ch"]
[Site "Kirov"]
[Date "2014.04.06"]
[Round "5"]
[White "Kharitonov, Alexei"]
[Black "Timerkhanov, Alexander"]
[Result "0-1"]
[WhiteElo "2303"]
[BlackElo "1961"]
[PlyCount "90"]
[EventDate "2014.04.02"]
[EventType "swiss"]
[EventRounds "9"]
[EventCountry "RUS"]
[SourceTitle "EXT 2016"]
[Source "ChessBase"]
[SourceDate "2015.10.08"]
[SourceVersion "1"]
[SourceVersionDate "2015.10.08"]
[SourceQuality "1"]

1. e4 c5 2. Nf3 d6 3. d4 cxd4 4. Nxd4 Nf6 5. Nc3 a6 6. Bc4 e6 7. Bb3 Nbd7 8. Bg5 Nc5 9. Qf3 Be7 10. 0-0-0 Qa5 11. Bd2 Qc7 12. g4 b5 13. g5 Nfd7 14. Bd5 Ne5 15. Qg3 Bb7 16. Bxb7 Qxb7 17. f4 Nc4 18. b4 Na4 19. Nxa4 bxa4 20. f5 e5 21. f6 exd4 22. fxe7 Rc8 23. Qf3 Ne5 24. Qa3 Qc6 25. Kb1 Qxc2+ 26. Ka1 Nc4 27. Qc1 d3 28. Bc3 Ne3 29. Bxg7 Nxd1 30. Qxd1 Rg8 31. Bf6 a3 32. h4 Rg6 33. Bd4 Re6 34. h5 d2 35. Qxc2 Rxc2 36. Kb1 Rc4 37. Be3 Rxb4+ 38. Kc2 Rexe4 39. Bxd2 Rb2+ 40. Kd3 Rxe7 41. Ra1 Kd7 42. Bc3 Rbe2 43. Bf6 Re1 44. Rxe1 Rxe1 45. Kc4 Rb1 0-1